000 00633nam a22001937a 4500
005 20251108165453.0
008 250721s1991 xx 000 0 ara d
082 1 4 _aم/028.7/محم
100 1 _aعبد الهادي، محمد فتحي
245 1 0 _aالمصادر المرجعية المتخصصه /
264 1 _aالقاهره :
_bالمكتبة الاكاديمية،
_c1991.
300 _a195ص
650 1 7 _aالمواد المرجعية
650 1 7 _aإستخدام المراجع
700 1 _aمصطفى، نعمات أحمد
700 1 _aمحمود، أسامه السيد
942 _2ddc
_cREF
999 _c28708
_d28708